Enciclopedia salvat : diccionario
| Main Author: | |
|---|---|
| Format: | Section = Libro |
| Language: | Undetermined Spanish |
| Published: |
Barcelona
Salvat
1972
|
| Subjects: |
| LEADER | 00484nam a2200181Ia 4500 | ||
|---|---|---|---|
| 008 | 240829s9999 xx 000 0 und d | ||
| 020 | |a 84-345-3291-3 | ||
| 040 | |a BIBLIOTECA-RUSB/ Ref 030 S182 | ||
| 041 | |a spa | ||
| 082 | |a Ref 030 S182 | ||
| 100 | 1 | |a Barcelona. Salvat Editores | |
| 245 | 1 | 0 | |a Enciclopedia salvat : diccionario |
| 260 | |a Barcelona |b Salvat |c 1972 | ||
| 300 | |a p. irreg. :il. | ||
| 650 | 7 | |a ENCICLOPEDIA GENERAL-DICCIONARIO | |
| 942 | |c BK |2 ddc | ||
| 991 | |a TEXTO | ||
| 999 | |c 5659 | ||